Hội thảo quốc tế Việt Nam học lần thứ ba Việt Nam hội nhập và phát triển Tuyển tập báo cáo tóm tắt lịch sử Việt Nam truyền thống Tập 1
שמור ב:
| פורמט: | ספר |
|---|---|
| שפה: | English |
| יצא לאור: |
Hà Nội
Đại học Quốc gia
2008
|
| נושאים: | |
| תגים: |
הוספת תג
אין תגיות, היה/י הראשונ/ה לתייג את הרשומה!
|
| Thư viện lưu trữ: | Trung tâm Học liệu Lê Vũ Hùng, Trường Đại học Đồng Tháp |
|---|
| LEADER | 00952pam a22002418a 4500 | ||
|---|---|---|---|
| 001 | 00041900 | ||
| 008 | 170505s1996 ||||||engsd | ||
| 005 | 20180808150802.0 | ||
| 041 | 0 | # | |a Vie |
| 082 | 0 | 4 | |a 959.7 |b H452TH |
| 245 | 1 | 0 | |b Tuyển tập báo cáo tóm tắt lịch sử Việt Nam truyền thống |a Hội thảo quốc tế Việt Nam học lần thứ ba Việt Nam hội nhập và phát triển |n Tập 1 |
| 260 | # | # | |a Hà Nội |b Đại học Quốc gia |c 2008 |
| 300 | # | # | |a 250tr |c 30 cm. |
| 500 | # | # | |a ĐTTS ghi: Đại học quốc gia. Viện Khoa học xã hội Việt Nam |
| 653 | # | # | |a Lịch sử |
| 653 | # | # | |a xã hội |
| 653 | # | # | |a Việt Nam |
| 653 | # | # | |a hội nhập |
| 653 | # | # | |a kinh tế |
| 653 | # | # | |a phát triển |
| 852 | # | # | |j KD.0024558 |
| 910 | |d 08/08/2018 | ||
| 980 | # | # | |a Trung tâm Học liệu Lê Vũ Hùng, Trường Đại học Đồng Tháp |